000 00828nam a22002057a 4500
003 0
005 20250115104933.0
008 160118b xxu||||| |||| 00| 0 eng d
050 _aPHS LB 3609
_b.H991 2015
100 _aHwang, Ian
245 _aThe relationship between academic stress and academic behavior of grade 9 Student in Southville International School and Colleges
_cIan Hwang
260 _aLas PiƱas, Philippines :
_bSouthville International School and Colleges,
_c2015.
300 _avi, 19 p. ;
_c28 cm.
504 _aIncludes bibliographical references.
650 _aAcademic stress
_vPsychological aspects.
650 _aStudent behavior
_vPsychological aspects.
650 _aSecondary school students
_vPsychology.
650 _aAcademic achievement
_vSocial and psychological factors.
942 _2lcc
_cPASS
999 _c290421
_d290421